000 01240nam a2200289 i 4500
001 161167
003 ES-MaACL
005 20250730063142.0
008 931025s1660 be |||| | spa d
040 _aAR
_bspa
_cPAB
100 1 _aOudin, Cesar,
_d-1625
_9130749
245 1 0 _aTesoro de las dos lenguas española y francesa /
_cde Caesar Oudin ; añadido conforme a las memorias del autor con muchas frasis y dicciones y con el vocabulario de xerigonça en su orden alfabetico por Antonio Oudin...
250 _aNuevamente corregido y aumentado...
_bpor Juan Momarte...
260 _aEn Bruselas :
_ben casa del dicho Juan Momarte,
_c1660.
300 _a[556] p. ;
_c4\p\s.
597 1 _aSign.: *\p4\s, A-Z\p8\s, 2A-2L\p8\s, 2M\p8\s.
597 1 _aPort. a dos tintas.
597 1 _aPort. con grab. xil.
597 1 _aTexto a dos col.
650 4 _aLengua española-
_xFrances-
_vDiccionarios.
_9223456
700 1 1 _aOudin, Antonio.
_9130747
700 1 1 _aMommaert, Jean.
_9130041
700 1 1 _aMommaert, Jean,
_eimp.
_9130041
752 _aBélgica -
_dBruselas
852 _aES-MaACL
_jR-800(1)
_z-- Enc. perg.
_x-- Edic.: Las sign. son: *\p4\s, A-2L\p8\s, 2M\p2\s
_x Olim: G-5752
999 _c161167
_d161167